Представление документа в формате RUSMARC

ПолеНазваниеЗначение
  Тип записи a
  Библиографический уровень a
001 Контрольный номер RU/CBS_UL/BASE/07dd08a6335041188fb70bcf5dbeeda3
005 Дата корректировки 20240328152330.9
100 Данные общей обработки __
a Данные общей обработки 20240328 ||| 0rusy0189 ca
101 Язык документа 0_
a Язык текста rus
102 Страна публикации __
a Страна публикации RU
200 Заглавие и сведения об ответственности 1_
a Заглавие Болезнь чистюль
e Сведения, относящиеся к заглавию [чесотка]
f Первые сведения об ответственности Л. Лявданская
300 Общие примечания __
a Общие примечания 16+
461 Уровень набора _0
1 2000
a 60 лет - не возраст
463 Уровень физической единицы _0
1 2000
a № 2
v С. 42-46 : фото
1 2101
d 2024
1 001RU/CBS_UL/BASE/55cfafed358645d4a3de741c4f84b936
606 Тематические рубрики 0_
a Основная рубрика Кожные болезни
610 Ключевые слова 0_
a Ключевые слова кожные болезни
610 Ключевые слова 0_
a Ключевые слова болезни кожные
610 Ключевые слова 0_
a Ключевые слова чесотка
610 Ключевые слова 0_
a Ключевые слова чесоточные клещи
610 Ключевые слова 0_
a Ключевые слова заразные болезни
610 Ключевые слова 0_
a Ключевые слова болезни заразные
610 Ключевые слова 0_
a Ключевые слова паразитарные болезни
610 Ключевые слова 0_
a Ключевые слова болезни паразитарные
610 Ключевые слова 0_
a Ключевые слова лечение чесотки
686 Индексы других классификаций __
2 Код системы rubbk
a Классификационный индекс 55.83
700 Автор _1
a Фамилия Лявданская
b Имя (инициалы) Л.
801 Источник записи _0
a Страна RU
b Организация МБУК ЦБС г. Ульяновска
c Дата составления 20240328
g Правила каталогизации RCR
801 Источник записи _1
a Страна RU
b Организация МБУК ЦБС г. Ульяновска
c Дата составления 20240328
g Правила каталогизации RCR
901 Тип документа __
t Тип документа b
w Контрольный № источника RU/CBS_UL/BASE/55cfafed358645d4a3de741c4f84b936
909 Создатель записи __
a Создатель записи lib2